Próba rekord repozitóriumi feltöltéshez

Elmentve itt :
Bibliográfiai részletek
Szerző: Bernátsky László
Dokumentumtípus: Cikk
Megjelent: 2020
Sorozat:ÉLET ÉS TUDOMÁNY 5 No. 2
mtmt:32176737
Online Access:http://publicatio.bibl.u-szeged.hu/22326
LEADER 00594nab a2200181 i 4500
001 publ22326
005 20210903161238.0
008 210903s2020 hu o 0|| zxx d
022 |a 0013-6077 
024 7 |a 32176737  |2 mtmt 
040 |a SZTE Publicatio Repozitórium  |b hun 
041 |a zxx 
100 1 |a Bernátsky László 
245 1 0 |a Próba rekord repozitóriumi feltöltéshez  |h [elektronikus dokumentum] /  |c  Bernátsky László 
260 |c 2020 
300 |a 15-23 
490 0 |a ÉLET ÉS TUDOMÁNY  |v 5 No. 2 
856 4 0 |u http://publicatio.bibl.u-szeged.hu/22326/1/Proba-feltoltes.pdf  |z Dokumentum-elérés